[Event "Winnipeg TNT 2023.10"]
[Site "Winnipeg CAN"]
[Date "2023.10.03"]
[Round "1.12"]
[White "Gannon, Keith"]
[Black "Klokow, John"]
[Result "1-0"]
[WhiteElo "1439"]
[BlackElo "1661"]
[PlyCount "45"]
[EventDate "2023.10.03"]
[EventType "swiss"]
[EventRounds "4"]
[EventCountry "CAN"]

1. e4 e5 2. Nf3 Nc6 3. Bc4 Nf6 4. Nc3 Nxe4 5. Bxf7+ Kxf7 6. Nxe4 d5 7. Ng3 e4
8. Ng1 Bc5 9. N1e2 Rf8 10. O-O Kg8 11. d4 exd3 12. Qxd3 Ne5 13. Qc3 Bd6 14. Bf4
Ng4 15. Bxd6 Qxd6 16. h3 Ne5 17. Rad1 c6 18. f4 Ng6 19. f5 Ne5 20. Ne4 Qh6 21.
Qxe5 Qe3+ 22. Rf2 Rxf5 23. Nf6+ 1-0

[Event "Winnipeg TNT 2023.10"]
[Site "Winnipeg CAN"]
[Date "2023.10.10"]
[Round "2.1"]
[White "Anderson, Collin"]
[Black "Kahanda, Inuri"]
[Result "1-0"]
[WhiteElo "2090"]
[BlackElo "1750"]
[PlyCount "61"]
[EventDate "2023.10.03"]
[EventType "swiss"]
[EventRounds "4"]
[EventCountry "CAN"]

1. e4 e6 2. d4 d5 3. e5 c5 4. c3 Nc6 5. Nf3 Qb6 6. Bd3 Bd7 7. dxc5 Bxc5 8. b4
Bxf2+ 9. Ke2 Nh6 10. Bxh6 gxh6 11. Qd2 Rg8 12. g3 O-O-O 13. Rf1 Bxg3 14. hxg3
Rxg3 15. Qe3 Qxe3+ 16. Kxe3 Nxe5 17. Kf4 Rxf3+ 18. Rxf3 Nxf3 19. Kxf3 e5 20.
Bxh7 h5 21. Nd2 Bg4+ 22. Kf2 e4 23. c4 Rh8 24. cxd5 Rxh7 25. Rc1+ Kb8 26. Nxe4
f5 27. Nf6 Rc7 28. Re1 Rf7 29. d6 f4 30. Re8+ Bc8 31. d7 1-0

[Event "Winnipeg TNT 2023.10"]
[Site "Winnipeg CAN"]
[Date "2023.10.10"]
[Round "2.2"]
[White "Hansima, Charitha"]
[Black "Babb, Jeff"]
[Result "0-1"]
[WhiteElo "1643"]
[BlackElo "2025"]
[PlyCount "90"]
[EventDate "2023.10.03"]
[EventType "swiss"]
[EventRounds "4"]
[EventCountry "CAN"]

1. d4 g6 2. Bf4 Bg7 3. Nf3 d6 4. e4 Nf6 5. Nc3 Nc6 6. Qd2 Bg4 7. Bh6 Bxh6 8.
Qxh6 Bxf3 9. gxf3 Nxd4 10. O-O-O e5 11. Qe3 Ne6 12. Bc4 Nh5 13. Ne2 Qg5 14.
Bb5+ Ke7 15. Rhg1 Qxe3+ 16. fxe3 c6 17. Bc4 b5 18. Bd3 Nc5 19. Ng3 Nxd3+ 20.
Rxd3 Nxg3 21. hxg3 h5 22. Rgd1 Rad8 23. Kd2 Rd7 24. Ke2 Rb8 25. b4 a5 26. bxa5
Ra8 27. Rc3 c5 28. Rb3 Rxa5 29. Rb2 b4 30. Rd5 Ra3 31. Rd3 Rda7 32. Rxa3 Rxa3
33. Kd2 Kd7 34. Ke2 Kc6 35. f4 f6 36. fxe5 fxe5 37. Rb1 Rxa2 38. Kd3 Kb5 39.
Rf1 c4+ 40. Ke2 Rxc2+ 41. Kf3 b3 42. g4 hxg4+ 43. Kxg4 b2 44. Rf8 c3 45. Kg3
Rg2+ 0-1

[Event "Winnipeg TNT 2023.10"]
[Site "Winnipeg CAN"]
[Date "2023.10.10"]
[Round "2.3"]
[White "Kwiatek, Jordan"]
[Black "Zhou, Joe"]
[Result "1-0"]
[WhiteElo "1962"]
[BlackElo "1660"]
[PlyCount "77"]
[EventDate "2023.10.03"]
[EventType "swiss"]
[EventRounds "4"]
[EventCountry "CAN"]

1. Nf3 d5 2. c4 e6 3. g3 Nf6 4. Bg2 dxc4 5. Qa4+ Nbd7 6. Qxc4 a6 7. a4 Bd6 8.
a5 Ra7 9. O-O b5 10. axb6 Nxb6 11. Qc2 Bb7 12. Nc3 Qd7 13. e4 e5 14. d4 exd4
15. e5 Bxf3 16. Bxf3 dxc3 17. exf6 gxf6 18. Qxc3 Be5 19. Re1 O-O 20. Qe3 Bd4
21. Qh6 Qf5 22. Kg2 Qc2 23. Re2 Qg6 24. Qh4 c5 25. Be4 f5 26. Bc2 Nc4 27. Ra4
Qc6+ 28. f3 Ne5 29. Qg5+ Qg6 30. Qf4 Qf6 31. Bxf5 Ng6 32. Qg4 Re7 33. Be4 Re5
34. f4 Rxe4 35. Rxe4 Qc6 36. f5 Qxa4 37. Bh6 Qa1 38. Rxd4 Qxb2+ 39. Rd2 1-0

[Event "Winnipeg TNT 2023.10"]
[Site "Winnipeg CAN"]
[Date "2023.10.10"]
[Round "2.4"]
[White "Currie, James"]
[Black "Gannon, Keith"]
[Result "1-0"]
[WhiteElo "1937"]
[BlackElo "1439"]
[PlyCount "113"]
[EventDate "2023.10.03"]
[EventType "swiss"]
[EventRounds "4"]
[EventCountry "CAN"]

1. e4 c5 2. Nf3 d6 3. d4 cxd4 4. Nxd4 Nf6 5. Nc3 e6 6. g4 Nc6 7. Bb5 Bd7 8. g5
Nxd4 9. Qxd4 e5 10. Qa4 Ng8 11. Nd5 Bxb5 12. Qxb5+ Qd7 13. Nc7+ Kd8 14. Qxd7+
Kxd7 15. Nxa8 Kc8 16. Be3 Kb8 17. Nb6 axb6 18. Bxb6 h6 19. gxh6 Rxh6 20. Be3
Rg6 21. Ke2 Nh6 22. f3 Be7 23. Rag1 Rxg1 24. Rxg1 Bf6 25. Bxh6 gxh6 26. Rg8+
Kc7 27. Rf8 Bg5 28. Rxf7+ Kc6 29. Rf5 Bc1 30. b3 b5 31. c3 Kc5 32. Kd1 Be3 33.
Kc2 b4 34. Kd3 Bc1 35. c4 Kc6 36. Rf8 Bg5 37. Rb8 Kc5 38. Rb5+ Kc6 39. Rxb4 Bf4
40. h3 h5 41. Rb5 h4 42. a4 Bg3 43. a5 Bf2 44. a6 Bd4 45. Rb7 Bg1 46. Rg7 Bf2
47. a7 Bxa7 48. Rxa7 Kb6 49. Ra4 Kc5 50. b4+ Kc6 51. Ra5 Kb6 52. Rb5+ Kc6 53.
Kc3 Kc7 54. c5 dxc5 55. bxc5 Kc6 56. Kc4 Kd7 57. Kd5 1-0

[Event "Winnipeg TNT 2023.10"]
[Site "Winnipeg CAN"]
[Date "2023.10.10"]
[Round "2.5"]
[White "Kasztan, Ariel"]
[Black "Guan, Marcus"]
[Result "0-1"]
[WhiteElo "1507"]
[BlackElo "1776"]
[PlyCount "66"]
[EventDate "2023.10.03"]
[EventType "swiss"]
[EventRounds "4"]
[EventCountry "CAN"]

1. e4 c6 2. d4 d5 3. exd5 cxd5 4. Nf3 Nc6 5. h3 Nf6 6. c4 e6 7. c5 Qc7 8. Nc3
a6 9. Na4 Be7 10. Nb6 Rb8 11. a3 Bd7 12. b4 O-O 13. Bb2 Na7 14. Ne5 Bb5 15.
Bxb5 Nxb5 16. a4 Na7 17. Qb3 Nc6 18. f4 Rfd8 19. O-O Ne4 20. Rad1 g6 21. b5
axb5 22. axb5 Nxe5 23. fxe5 Nxc5 24. Rc1 Qxb6 25. dxc5 Bxc5+ 26. Kh1 Rbc8 27.
Rf3 Bd4 28. Rcf1 Rd7 29. Bxd4 Qxd4 30. Qe3 Qxe3 31. Rxe3 Rc4 32. Rb1 Rdc7 33.
Kh2 Kf8 0-1

[Event "Winnipeg TNT 2023.10"]
[Site "Winnipeg CAN"]
[Date "2023.10.10"]
[Round "2.6"]
[White "Pearce, Thomas"]
[Black "Peirson, Daniel"]
[Result "0-1"]
[WhiteElo "1559"]
[BlackElo "1772"]
[PlyCount "118"]
[EventDate "2023.10.03"]
[EventType "swiss"]
[EventRounds "4"]
[EventCountry "CAN"]

1. e4 c5 2. c4 Nc6 3. Nc3 e6 4. Nf3 Nf6 5. d3 d5 6. Bg5 d4 7. Nb5 Qa5+ 8. Bd2
Qb6 9. e5 Nd7 10. Bf4 a6 11. Qa4 Be7 12. Be2 O-O 13. O-O Rb8 14. Na3 Qc7 15.
Rfe1 Ncxe5 16. Nxe5 Nxe5 17. g3 Bd6 18. Bxe5 Bxe5 19. Qd1 b5 20. b3 Bb7 21. Bf3
Bf6 22. Bxb7 Qxb7 23. Re4 bxc4 24. Nxc4 Qb4 25. Ne3 Qb5 26. Ng4 Be7 27. Rf4 a5
28. Qf3 Qb7 29. Ne5 Qxf3 30. Rxf3 Rb5 31. Rb1 a4 32. h4 axb3 33. axb3 Bd6 34.
Nc4 Bc7 35. g4 Rfb8 36. Nd2 Ra8 37. Kg2 g6 38. Rh1 Ra2 39. Ne4 Be5 40. h5 Rb2
41. g5 R2xb3 42. hxg6 hxg6 43. Nf6+ Bxf6 44. gxf6 Rb1 45. Rh2 c4 46. dxc4 Rg5+
47. Rg3 Rxg3+ 48. Kxg3 Rc1 49. f3 Rxc4 50. Rd2 Kh7 51. f4 Rc3+ 52. Kg4 d3 53.
Rh2+ Kg8 54. Rd2 Kf8 55. Kg5 Rc5+ 56. Kg4 Rd5 57. Kf3 Ke8 58. Ke4 Kd7 59. Ke3
Kd6 0-1

[Event "Winnipeg TNT 2023.10"]
[Site "Winnipeg CAN"]
[Date "2023.10.10"]
[Round "2.7"]
[White "Movahedipour, Mohammad"]
[Black "Stordeur, Jackson"]
[Result "0-1"]
[WhiteElo "1424"]
[BlackElo "1762"]
[PlyCount "62"]
[EventDate "2023.10.03"]
[EventType "swiss"]
[EventRounds "4"]
[EventCountry "CAN"]

1. e4 c5 2. Nf3 d6 3. d4 cxd4 4. Nxd4 Nf6 5. Nc3 a6 6. Be3 e5 7. Nb3 Be6 8. f3
Be7 9. Qd2 O-O 10. Bd3 b5 11. Qf2 Nbd7 12. O-O Qc7 13. Rfd1 b4 14. Ne2 a5 15.
c3 a4 16. Nd2 a3 17. b3 d5 18. c4 d4 19. Bg5 Nc5 20. Nf1 Nfxe4 21. Bxe4 Nxe4
22. fxe4 Bxg5 23. Kh1 f5 24. Qg3 Bf6 25. Nd2 Qc6 26. exf5 Bxf5 27. Qf3 Qxf3 28.
Nxf3 d3 29. Ng3 Bg6 30. Rd2 e4 31. Ne1 Bxa1 0-1

[Event "Winnipeg TNT 2023.10"]
[Site "Winnipeg CAN"]
[Date "2023.10.10"]
[Round "2.8"]
[White "Wijekoon, Dilki"]
[Black "Vaughan, Nathan"]
[Result "0-1"]
[WhiteElo "1459"]
[BlackElo "1943"]
[PlyCount "56"]
[EventDate "2023.10.03"]
[EventType "swiss"]
[EventRounds "4"]
[EventCountry "CAN"]

1. e4 e5 2. Bc4 Nf6 3. Nc3 Nxe4 4. Nf3 Nc6 5. O-O Nxc3 6. dxc3 Be7 7. Re1 d6 8.
h3 O-O 9. Be3 Be6 10. Bd3 f5 11. Bb5 f4 12. Bc1 Qe8 13. Bd3 Nb8 14. Be4 c6 15.
Bd3 Nd7 16. Qe2 Nc5 17. b4 Nxd3 18. cxd3 Qg6 19. Kh2 Bf5 20. Rd1 Bf6 21. Bb2
Rae8 22. Qd2 d5 23. Ne1 e4 24. dxe4 dxe4 25. Kh1 e3 26. fxe3 Rxe3 27. Qf2 Bxh3
28. Qxf4 Rxe1+ 0-1

[Event "Winnipeg TNT 2023.10"]
[Site "Winnipeg CAN"]
[Date "2023.10.10"]
[Round "2.9"]
[White "Klokow, John"]
[Black "Kumbharathi, Harsha"]
[Result "1/2-1/2"]
[WhiteElo "1666"]
[BlackElo "1447"]
[PlyCount "88"]
[EventDate "2023.10.03"]
[EventType "swiss"]
[EventRounds "4"]
[EventCountry "CAN"]

1. e4 c6 2. Nc3 d5 3. Nf3 Bg4 4. h3 Bh5 5. g4 Bg6 6. Ne5 Bxe4 7. Nxe4 dxe4 8.
Nc4 e6 9. Bg2 Bc5 10. O-O Nd7 11. Bxe4 Ngf6 12. Bg2 O-O 13. d4 Be7 14. c3 Qc7
15. Qe2 Bd6 16. Nxd6 Qxd6 17. Bg5 Nd5 18. Rad1 Nf4 19. Bxf4 Qxf4 20. Rfe1 Nf6
21. Qe5 Nd5 22. c4 Qxe5 23. dxe5 Nf4 24. Rd7 Rab8 25. Kh2 Rfd8 26. Red1 Rxd7
27. Rxd7 Ng6 28. b3 Nxe5 29. Rd2 Kf8 30. f4 Ng6 31. Kg3 Ke7 32. h4 Rd8 33. Rxd8
Kxd8 34. h5 Ne7 35. Be4 f5 36. gxf5 exf5 37. Bc2 Kd7 38. Kf3 Kd6 39. Ke3 Kc5
40. a3 h6 41. Bd3 Kd6 42. Kd4 c5+ 43. Ke3 b6 44. Kf3 Ke6 1/2-1/2

[Event "Winnipeg TNT 2023.10"]
[Site "Winnipeg CAN"]
[Date "2023.10.10"]
[Round "2.11"]
[White "Ash, Cory"]
[Black "Repaka, Prabhav"]
[Result "0-1"]
[WhiteElo "1075"]
[BlackElo "1561"]
[PlyCount "68"]
[EventDate "2023.10.03"]
[EventType "swiss"]
[EventRounds "4"]
[EventCountry "CAN"]

1. e4 e5 2. Nf3 Nc6 3. Bb5 a6 4. Ba4 b5 5. Bb3 Bc5 6. d3 d6 7. h3 Na5 8. Nc3
Nxb3 9. axb3 Nf6 10. O-O Bb6 11. Bg5 h6 12. Bh4 g5 13. Bg3 Nh5 14. Nd5 Bc5 15.
d4 Ba7 16. Kh2 c6 17. Ne3 Nxg3 18. Kxg3 Qf6 19. Kh2 exd4 20. Nf5 Bxf5 21. exf5
O-O 22. Rxa6 Qxf5 23. Rxc6 Bc5 24. Nxd4 Qe5+ 25. g3 Qxd4 26. Qxd4 Bxd4 27. Rxd6
Bxb2 28. Rxh6 Kg7 29. Rh5 Kg6 30. g4 Rac8 31. Kg3 Rc3+ 32. f3 Rxc2 33. h4 Be5+
34. Kh3 Rh2# 0-1

[Event "Winnipeg TNT 2023.10"]
[Site "Winnipeg CAN"]
[Date "2023.10.17"]
[Round "3.1"]
[White "Kwiatek, Jordan"]
[Black "Anderson, Collin"]
[Result "1/2-1/2"]
[WhiteElo "1962"]
[BlackElo "2020"]
[Annotator "aboro"]
[PlyCount "127"]
[EventDate "2023.10.03"]
[EventType "swiss"]
[EventRounds "4"]
[EventCountry "CAN"]

1. d4 Nf6 2. Bg5 g6 3. Bxf6 exf6 4. c4 d5 5. cxd5 Qxd5 6. Nc3 Qa5 7. e3 Bg7 8.
g3 O-O 9. Bg2 c5 10. d5 Na6 11. Nge2 c4 12. O-O f5 13. Qd2 Nc5 14. Rfd1 Bd7 15.
Nd4 a6 16. Bf1 b5 17. Bg2 Rac8 18. Nc6 Bxc6 19. dxc6 Bxc3 20. bxc3 Rfd8 21. Qc2
Rd3 22. Rac1 Ne4 23. Rxd3 cxd3 24. Qxd3 Rxc6 25. Bxe4 fxe4 26. Qxe4 Qc7 27.
Qe8+ Kg7 28. Qe4 Rc4 29. Qd5 b4 30. Kf1 bxc3 31. Rc2 Qc5 32. Qxc5 Rxc5 33. Ke2
Ra5 34. Kd3 Ra3 35. Kc4 a5 36. e4 Kf6 37. f4 Ke6 38. e5 h5 39. Rxc3 Rxa2 40. h4
f6 41. exf6 Kxf6 42. Kd4 Rd2+ 43. Ke3 Rd6 44. Ke4 a4 45. Ra3 Ra6 46. Kd5 Kf5
47. Kc5 Kg4 48. Kd4 Rb6 49. Rxa4 Kxg3 50. Ke3 Kxh4 51. f5+ Kg5 52. fxg6 Rxg6
53. Ke4 Kg4 54. Ra1 Re6+ 55. Kd5 Re2 56. Ra8 h4 57. Rg8+ Kh3 58. Kd4 Kh2 59.
Kd3 Rg2 60. Rh8 h3 61. Ke3 Rg7 62. Kf3 Rf7+ 63. Ke2 Kh1 64. Rxh3+ 1/2-1/2

[Event "Winnipeg TNT 2023.10"]
[Site "Winnipeg CAN"]
[Date "2023.10.17"]
[Round "3.2"]
[White "Babb, Jeff"]
[Black "Currie, James"]
[Result "1-0"]
[WhiteElo "2025"]
[BlackElo "1937"]
[PlyCount "97"]
[EventDate "2023.10.03"]
[EventType "swiss"]
[EventRounds "4"]
[EventCountry "CAN"]

1. g3 h5 2. Nf3 Nh6 3. e4 g6 4. Nc3 Bg7 5. d3 c6 6. Bg2 d5 7. h3 Qa5 8. Bd2 Qd8
9. O-O O-O 10. Qc1 Kh7 11. Ng5+ Kg8 12. exd5 cxd5 13. Nxd5 Nf5 14. Re1 Nc6 15.
Ne3 Ncd4 16. Nxf5 Bxf5 17. c3 Rc8 18. Qd1 Nc6 19. d4 Qd7 20. Kh2 b5 21. Qe2 a5
22. Qxb5 Rfd8 23. Bf4 Bf6 24. d5 Ne5 25. Qxd7 Nxd7 26. Ne4 Bg7 27. Rad1 Nb6 28.
d6 e5 29. Bg5 Bxe4 30. Bxd8 Rxd8 31. Bxe4 Nc4 32. b3 Nxd6 33. c4 f5 34. Bc6 Kf8
35. Rd5 e4 36. Red1 Ke7 37. Rxa5 g5 38. Ra7+ Kf6 39. c5 Nb5 40. Rxd8 Nxa7 41.
Ba4 f4 42. gxf4 gxf4 43. Kg2 Kg5 44. Rd7 f3+ 45. Kf1 Be5 46. Rxa7 Bd4 47. Re7
e3 48. fxe3 Bf6 49. Re4 1-0

[Event "Winnipeg TNT 2023.10"]
[Site "Winnipeg CAN"]
[Date "2023.10.17"]
[Round "3.3"]
[White "Guan, Marcus"]
[Black "Rutter, Blair"]
[Result "1/2-1/2"]
[WhiteElo "1776"]
[BlackElo "1866"]
[PlyCount "108"]
[EventDate "2023.10.03"]
[EventType "swiss"]
[EventRounds "4"]
[EventCountry "CAN"]

1. d4 d5 2. c4 e6 3. Nf3 Nf6 4. g3 c6 5. Bg2 Bd6 6. O-O O-O 7. Qc2 Re8 8. Bg5
Nbd7 9. cxd5 exd5 10. e3 Qc7 11. Bxf6 Nxf6 12. Nbd2 Bd7 13. Rfc1 Qd8 14. a3 Rc8
15. b4 Bg4 16. Ne1 Qd7 17. Qa4 a6 18. Nd3 Qf5 19. Qc2 Qh5 20. Nc5 Bxc5 21. bxc5
Bf5 22. Qd1 Qh6 23. Ra2 Ng4 24. Nf1 Qg6 25. Rb2 Rc7 26. Rb6 h5 27. h3 Nf6 28.
Rc3 Be4 29. Qe2 Bxg2 30. Kxg2 Qf5 31. Qf3 Qg6 32. Qf4 Rce7 33. Qd6 Rd7 34. Qf4
Ne4 35. Rcb3 Ree7 36. Qb8+ Kh7 37. Rxb7 Qf5 38. f4 Nf6 39. Rxd7 Qc2+ 40. Kg1
Rxd7 41. Rb2 Qd1 42. Qb3 Qf3 43. Rf2 Qe4 44. Qc2 Rb7 45. Qxe4+ Nxe4 46. Re2 Rb1
47. Kg2 Ra1 48. Rb2 Rxa3 49. Rb6 Ra2+ 50. Kg1 a5 51. Rxc6 Ra1 52. Kg2 Ra2+ 53.
Kg1 Ra1 54. Kg2 Ra2+ 1/2-1/2

[Event "Winnipeg TNT 2023.10"]
[Site "Winnipeg CAN"]
[Date "2023.10.17"]
[Round "3.4"]
[White "Klusa, Mark"]
[Black "Stordeur, Jackson"]
[Result "1-0"]
[WhiteElo "1779"]
[BlackElo "1762"]
[PlyCount "63"]
[EventDate "2023.10.03"]
[EventType "swiss"]
[EventRounds "4"]
[EventCountry "CAN"]

1. e4 c5 2. Nf3 d6 3. d4 cxd4 4. Nxd4 Nf6 5. f3 e5 6. Nb5 a6 7. N5a3 Be6 8. c4
Be7 9. Nc3 O-O 10. Be3 Nbd7 11. Be2 Qc7 12. Rc1 Rfc8 13. O-O Qa5 14. Qd2 Bf8
15. f4 exf4 16. Bxf4 Ne5 17. Nd5 Qd8 18. Qb4 Nxe4 19. Qxb7 Nc5 20. Qb6 Qd7 21.
Bxe5 dxe5 22. Rfd1 Rab8 23. Qa5 Qa7 24. Nb5 Rxb5 25. cxb5 Bxd5 26. b6 Qb7 27.
b4 Bxg2 28. bxc5 Qe4 29. Qxa6 Bh3 30. Kf2 Be7 31. Rc3 Rxc5 32. Rxh3 1-0

[Event "Winnipeg TNT 2023.10"]
[Site "Winnipeg CAN"]
[Date "2023.10.17"]
[Round "3.5"]
[White "Vaughan, Nathan"]
[Black "Repaka, Prabhav"]
[Result "1-0"]
[WhiteElo "1943"]
[BlackElo "1561"]
[PlyCount "41"]
[EventDate "2023.10.03"]
[EventType "swiss"]
[EventRounds "4"]
[EventCountry "CAN"]

1. e4 e5 2. Nf3 Nc6 3. Bb5 a6 4. Ba4 b5 5. Bb3 Bc5 6. Nxe5 Bxf2+ 7. Kxf2 Nxe5
8. Rf1 d6 9. Kg1 Nf6 10. d4 Ned7 11. Qe2 O-O 12. e5 dxe5 13. dxe5 Re8 14. Qf3
Rb8 15. exf6 Nxf6 16. Bg5 Qd4+ 17. Kh1 Bb7 18. Bxf6 gxf6 19. Qh5 Re7 20. Nc3
Qd2 21. Nd5 1-0

[Event "Winnipeg TNT 2023.10"]
[Site "Winnipeg CAN"]
[Date "2023.10.17"]
[Round "3.6"]
[White "Kahanda, Inuri"]
[Black "Kasztan, Ariel"]
[Result "0-1"]
[WhiteElo "1750"]
[BlackElo "1507"]
[PlyCount "92"]
[EventDate "2023.10.03"]
[EventType "swiss"]
[EventRounds "4"]
[EventCountry "CAN"]

1. d4 Nf6 2. Bf4 d6 3. c4 g6 4. Nc3 Bg7 5. e4 O-O 6. Nf3 Nbd7 7. Qd2 Re8 8. Be2
e5 9. dxe5 dxe5 10. Bg5 c6 11. O-O Qc7 12. Bh6 Nc5 13. Bxg7 Kxg7 14. Qe3 b6 15.
h3 Nh5 16. Qg5 Nf4 17. Qh4 Nxe4 18. Nxe4 Nxe2+ 19. Kh1 Qe7 20. Qxe7 Rxe7 21.
Rad1 Nd4 22. Nxd4 exd4 23. Nd6 c5 24. Rfe1 Rxe1+ 25. Rxe1 Be6 26. b3 Rd8 27.
Ne4 Bf5 28. Nd2 Kf6 29. Kh2 Rd7 30. Kg3 g5 31. f4 h6 32. Kf3 Re7 33. Rxe7 Kxe7
34. g4 Bd3 35. f5 Kd6 36. Kg2 Kc6 37. Kf3 Kb7 38. Kg3 Ka6 39. h4 Ka5 40. h5 Kb4
41. Nf3 f6 42. Nxg5 Bc2 43. Nf3 Kc3 44. Kf2 Kb2 45. g5 hxg5 46. Nxg5 Bxf5 0-1

[Event "Winnipeg TNT 2023.10"]
[Site "Winnipeg CAN"]
[Date "2023.10.17"]
[Round "3.7"]
[White "Zhou, Joe"]
[Black "Ling, Aiden"]
[Result "1-0"]
[WhiteElo "1660"]
[BlackElo "1474"]
[PlyCount "115"]
[EventDate "2023.10.03"]
[EventType "swiss"]
[EventRounds "4"]
[EventCountry "CAN"]

1. Nf3 d5 2. e3 c5 3. c4 e6 4. d4 Nc6 5. Nc3 Nf6 6. h3 cxd4 7. exd4 Be7 8. Be3
Bd7 9. Qb3 Na5 10. Qc2 Nxc4 11. Bxc4 dxc4 12. Ne5 Rc8 13. O-O O-O 14. Rfd1 Nd5
15. a4 f6 16. Nf3 Bc6 17. Nb5 a6 18. Na7 Rc7 19. Nxc6 Rxc6 20. Bd2 Qc7 21. Re1
c3 22. Bxc3 Nxc3 23. bxc3 Rxc3 24. Qe4 e5 25. Qd5+ Kh8 26. dxe5 fxe5 27. Nxe5
g6 28. Rab1 Bf6 29. Rxb7 Rc5 30. Rxc7 Rxd5 31. Nd7 Bc3 32. Rc1 Rf7 33. R1xc3
Rfxd7 34. Rxd7 Rxd7 35. Rc6 Ra7 36. Kf1 Kg7 37. Ke2 Kf7 38. a5 Ke7 39. Kd3 Kd7
40. Rb6 Kc8 41. Rf6 Kd8 42. Kc4 Ke7 43. Rc6 Kd7 44. Kc5 Ra8 45. Rd6+ Kc7 46.
Rf6 Rc8 47. Rc6+ Kd7 48. Rxc8 Kxc8 49. Kb6 Kb8 50. Kxa6 Ka8 51. Kb6 h5 52. g4
hxg4 53. hxg4 g5 54. f4 gxf4 55. g5 f3 56. g6 f2 57. g7 f1=Q 58. g8=Q+ 1-0

[Event "Winnipeg TNT 2023.10"]
[Site "Winnipeg CAN"]
[Date "2023.10.17"]
[Round "3.8"]
[White "Gannon, Keith"]
[Black "Hansima, Charitha"]
[Result "1/2-1/2"]
[WhiteElo "1439"]
[BlackElo "1643"]
[PlyCount "182"]
[EventDate "2023.10.03"]
[EventType "swiss"]
[EventRounds "4"]
[EventCountry "CAN"]

1. Nf3 e6 2. d4 d5 3. e3 c5 4. Bb5+ Bd7 5. Bxd7+ Qxd7 6. O-O Nf6 7. Nc3 Nc6 8.
Bd2 Bd6 9. Nb5 Be7 10. a3 a6 11. Nc3 Qc7 12. dxc5 Bxc5 13. b4 Bd6 14. b5 Ne5
15. h3 Nxf3+ 16. Qxf3 Be5 17. b6 Qc6 18. e4 Nxe4 19. Nxe4 dxe4 20. Qb3 Bxa1 21.
Rxa1 O-O 22. Be3 Rac8 23. Rc1 Rfd8 24. Bf4 Rd5 25. Bc7 Rg5 26. Rd1 e3 27. g4
exf2+ 28. Kxf2 h5 29. Rd6 Qc5+ 30. Kf3 hxg4+ 31. hxg4 Rxc7 32. Rd8+ Kh7 33.
Qd3+ Rg6 34. bxc7 Qxc7 35. Rd6 Qe7 36. Rd4 e5 37. Rc4 Qe6 38. c3 b5 39. Rb4 Kg8
40. a4 Qc6+ 41. Qe4 Qxe4+ 42. Rxe4 bxa4 43. Rxa4 Rc6 44. c4 f6 45. Ke4 a5 46.
Kd5 Ra6 47. c5 Kf7 48. c6 Ke7 49. Rc4 Kd8 50. Kd6 Kc8 51. Rc1 Kb8 52. Rb1+ Kc8
53. Rb7 g6 54. Rf7 Kb8 55. Rxf6 a4 56. Kxe5 Kc7 57. Kd5 Ra5+ 58. Kc4 a3 59. Rf1
Kxc6 60. Kb3 Kd5 61. Ka2 Ke4 62. Rf6 Rg5 63. Kxa3 Rxg4 64. Kb2 Ke3 65. Kc2 Ke2
66. Re6+ Kf2 67. Kd2 g5 68. Rf6+ Rf4 69. Rh6 g4 70. Rh2+ Kf3 71. Ke1 Ra4 72.
Rf2+ Kg3 73. Rd2 Kf3 74. Rf2+ Ke3 75. Re2+ Kf3 76. Rf2+ Kg3 77. Rc2 Re4+ 78.
Kf1 Re3 79. Rc1 Kh3 80. Kf2 Rd3 81. Ra1 g3+ 82. Kg1 g2 83. Rb1 Rc3 84. Ra1 Kg3
85. Rb1 Rf3 86. Rd1 Rf8 87. Rd3+ Rf3 88. Rd1 Rf8 89. Rd3+ Rf3 90. Rd1 Rb3 91.
Rd3+ Rxd3 1/2-1/2

[Event "Winnipeg TNT 2023.10"]
[Site "Winnipeg CAN"]
[Date "2023.10.17"]
[Round "3.9"]
[White "Zhang, Nicole"]
[Black "Klokow, John"]
[Result "1-0"]
[WhiteElo "1361"]
[BlackElo "1661"]
[PlyCount "115"]
[EventDate "2023.10.03"]
[EventType "swiss"]
[EventRounds "4"]
[EventCountry "CAN"]

1. e4 e5 2. Nf3 Nc6 3. Bc4 Nf6 4. Ng5 d5 5. exd5 Na5 6. Bb5+ c6 7. dxc6 bxc6 8.
Be2 h6 9. Nf3 e4 10. Ne5 Qc7 11. d4 Bd6 12. Bf4 O-O 13. Nd2 c5 14. c3 Bb7 15.
O-O Rad8 16. Bg3 Nc6 17. Nxc6 Qxc6 18. Bxd6 Qxd6 19. Nb3 cxd4 20. Nxd4 Qe5 21.
Qa4 a6 22. Bxa6 Ra8 23. Qb5 Qxb5 24. Bxb5 Nd5 25. Bc6 Bxc6 26. Nxc6 Ra6 27. Ne5
Rfa8 28. a3 f6 29. Ng4 Rb6 30. Rab1 Rab8 31. c4 Nf4 32. b4 Ra6 33. Rb3 Kf7 34.
Rd1 Ke6 35. g3 Nd3 36. Rdb1 Rba8 37. Ra1 Rb8 38. b5 Ra4 39. Ne3 g6 40. Rc3 Nc5
41. Nc2 Rd8 42. Nb4 Rd4 43. Kf1 f5 44. Ke2 g5 45. Ke3 Rd7 46. Nd5 Rb7 47. Rb1
Kd6 48. Rb4 Rxb4 49. axb4 Nd3 50. b6 Rb8 51. f3 Ne5 52. fxe4 Ng4+ 53. Kd4 fxe4
54. c5+ Kc6 55. Ne7+ Kb5 56. c6 Rxb6 57. c7 Rd6+ 58. Nd5 1-0

[Event "Winnipeg TNT 2023.10"]
[Site "Winnipeg CAN"]
[Date "2023.10.17"]
[Round "3.10"]
[White "Kumbharathi, Harsha"]
[Black "Aiello, Mick"]
[Result "0-1"]
[WhiteElo "1447"]
[BlackElo "1577"]
[PlyCount "84"]
[EventDate "2023.10.03"]
[EventType "swiss"]
[EventRounds "4"]
[EventCountry "CAN"]

1. e4 c5 2. c3 Nf6 3. f3 Nc6 4. Bb5 Qc7 5. Ne2 e6 6. d4 cxd4 7. cxd4 Nb4 8.
Nbc3 a6 9. Bd3 Nxd3+ 10. Qxd3 d6 11. d5 Be7 12. Be3 b5 13. Rc1 Qb7 14. O-O O-O
15. Bg5 exd5 16. Bxf6 Bxf6 17. exd5 Bd7 18. Ne4 Bxb2 19. Nxd6 Qb6+ 20. Kh1 Qxd6
21. Rc2 Bf6 22. Ng3 Be5 23. Nf5 Bxf5 24. Qxf5 Bxh2 25. g3 Bxg3 26. Rg1 Qh6+ 27.
Kg2 Bh4 28. Kf1 Qf6 29. Qg4 Rfe8 30. Rc1 Re3 31. Kg2 Qg5 32. Kh3 Qxg4+ 33. Rxg4
Bf6 34. d6 Rd3 35. Re1 Rxf3+ 36. Kg2 Rd3 37. a4 Rxd6 38. axb5 axb5 39. Rg3 g6
40. Rh1 Ra2+ 41. Kf3 Rd3+ 42. Kf4 Ra4# 0-1

[Event "Winnipeg TNT 2023.10"]
[Site "Winnipeg CAN"]
[Date "2023.10.17"]
[Round "3.11"]
[White "Movahedipour, Mohammad"]
[Black "Pearce, Thomas"]
[Result "1-0"]
[WhiteElo "1424"]
[BlackElo "1559"]
[PlyCount "50"]
[EventDate "2023.10.03"]
[EventType "swiss"]
[EventRounds "4"]
[EventCountry "CAN"]

1. e4 e5 2. Nf3 a6 3. Bc4 Nc6 4. d4 d6 5. dxe5 Nxe5 6. Nxe5 dxe5 7. Bxf7+ Ke7
8. Qh5 Nf6 9. Bg5 Kd6 10. Qe2 c6 11. Nd2 Qa5 12. O-O b5 13. a4 Rb8 14. axb5
Qxb5 15. Bc4 Qb6 16. Be3 Qc7 17. Bxa6 Be6 18. Bc4 Bxc4 19. Qxc4 Nd7 20. Qf7 c5
21. Nc4+ Kc6 22. Qd5+ Kb5 23. Ra5+ Qxa5 24. Nxa5 Kxa5 25. Qxd7 Rb6 1-0

[Event "Winnipeg TNT 2023.10"]
[Site "Winnipeg CAN"]
[Date "2023.10.17"]
[Round "3.12"]
[White "Ash, Cory"]
[Black "Wijekoon, Dilki"]
[Result "1/2-1/2"]
[WhiteElo "1075"]
[BlackElo "1459"]
[PlyCount "69"]
[EventDate "2023.10.03"]
[EventType "swiss"]
[EventRounds "4"]
[EventCountry "CAN"]

1. e4 e5 2. Nf3 Nc6 3. Bb5 d6 4. d4 exd4 5. Nxd4 Bd7 6. Nc3 Be7 7. O-O Nf6 8.
Nf5 Bxf5 9. exf5 O-O 10. Nd5 h6 11. Re1 Re8 12. Nxe7+ Rxe7 13. b3 Rxe1+ 14.
Qxe1 Nd4 15. Bd3 Qd7 16. Qb4 c5 17. Qd2 Nxf5 18. Qf4 Ne7 19. c4 Re8 20. Bb2 Qg4
21. Qxd6 Qd7 22. Qg3 Nf5 23. Bxf5 Qxf5 24. h3 Re2 25. Bxf6 Qxf6 26. Kf1 Qxa1+
27. Kxe2 Qxa2+ 28. Ke1 b6 29. Qb8+ Kh7 30. Qb7 f6 31. Qe4+ Kh8 32. Qe8+ Kh7 33.
Qe4+ Kg8 34. Qe8+ Kh7 35. Qe4+ 1/2-1/2

[Event "Winnipeg TNT 2023.10"]
[Site "Winnipeg CAN"]
[Date "2023.10.24"]
[Round "4.1"]
[White "Anderson, Collin"]
[Black "Babb, Jeff"]
[Result "1-0"]
[WhiteElo "2090"]
[BlackElo "2025"]
[PlyCount "43"]
[EventDate "2023.10.03"]
[EventType "swiss"]
[EventRounds "4"]
[EventCountry "CAN"]

1. e4 d6 2. d4 Nf6 3. Nc3 g6 4. Be3 Bg7 5. Qd2 c6 6. O-O-O Qa5 7. Bh6 Bxh6 8.
Qxh6 b5 9. e5 b4 10. Bc4 bxc3 11. exf6 d5 12. Qg7 Rf8 13. fxe7 Kxe7 14. Re1+
Be6 15. Rxe6+ Kxe6 16. Qxf8 cxb2+ 17. Kb1 dxc4 18. Nf3 Qc7 19. Re1+ Kf6 20.
Qh8+ Kf5 21. Re5+ Kg4 22. h3+ 1-0